| 000 | 00569nam a22001937a 4500 | ||
|---|---|---|---|
| 005 | 20230921121218.0 | ||
| 010 | _aENG-138229 | ||
| 020 | _c390.00 | ||
| 035 | _aEN-121761 | ||
| 037 | _bDBAD/PUB | ||
| 082 | _a338.954 | ||
| 100 |
_aAgrawal. K.C. _957251 |
||
| 245 |
_aShaping India of our dreams _cK.C.Agrawal |
||
| 260 |
_aUttar Pradesh _bKnowledge Books Inc. _c2003 |
||
| 270 |
_aP.O.Box-536, Sector-37 Post Office _bNOIDA _e201303 |
||
| 300 |
_a397 _c22cm(hbk) |
||
| 700 |
_aVolga Kalpana Kannabiran _956902 |
||
| 942 |
_2ddc _cEN _h338.954 _mAGR |
||
| 999 |
_c198505 _d198505 |
||